Manipulacion de dos tipos de marcas comerciales de alginatos diagnosticas por los estudiantes de pregrados de la clinica odontologica de la corporacion universitaria rafael nuñez, segundo periodo de 2015 / (Registro nro. 5543)

Detalles MARC
000 -LEADER
fixed length control field 01747nam a2200277 a 4500
001 - CONTROL NUMBER
control field 0000031588
003 - CONTROL NUMBER IDENTIFIER
control field CO-CtgCURN
005 - DATE AND TIME OF LATEST TRANSACTION
control field 20250329165501.0
008 - FIXED-LENGTH DATA ELEMENTS--GENERAL INFORMATION
fixed length control field 161103s2016 000 0 eng d
040 ## - CATALOGING SOURCE
Original cataloging agency CO-CtgCURN
Language of cataloging spa
Transcribing agency coctgcurn
082 0# - DEWEY DECIMAL CLASSIFICATION NUMBER
Classification number ODO 2016
Item number S235
100 1# - MAIN ENTRY--PERSONAL NAME
Personal name Santiago Medellin, Stephanie.
245 10 - TITLE STATEMENT
Title Manipulacion de dos tipos de marcas comerciales de alginatos diagnosticas por los estudiantes de pregrados de la clinica odontologica de la corporacion universitaria rafael nuñez, segundo periodo de 2015 /
Statement of responsibility, etc. Yony Alexander Zuluaga Ciro; Antonio Palomino Reyes; Asesor Ballesteros Oliva, Yuri, Fortich Mesa, Natalia ,.
260 ## - PUBLICATION, DISTRIBUTION, ETC.
Place of publication, distribution, etc. Cartagena de Indias, D.T. :
Name of publisher, distributor, etc. Corporacion Universitaria "Rafael Nuñez",
Date of publication, distribution, etc. 2016.
300 ## - PHYSICAL DESCRIPTION
Extent 1 CD-Rom.
336 ## - CONTENT TYPE
Source rdacontent
337 ## - MEDIA TYPE
Source rdamedia
Media type term sin mediacion
Media type code n
338 ## - CARRIER TYPE
Source rdacarrier
Carrier type term volumen
Carrier type code nc
502 ## - DISSERTATION NOTE
Dissertation note Trabajo de grado (Odontologa). Corporacion Universitaria "Rafael Nuñez" Facultad de Ciencias de la Salud. Programa de Odontoologia, 2012.
520 ## - SUMMARY, ETC.
Summary, etc. Los alginatos son materiales con buenos resultados clinicos para la toma de impresiones preliminares. Para este fin, es necesario utilizar una tecnica correcta de manipulacion, considerando los protocolos que ofrecen las casas comerciales para obtener una impresion sin distorsiones e irregularidades.
650 #0 - SUBJECT ADDED ENTRY--TOPICAL TERM
Topical term or geographic name entry element Odontologia
General subdivision Tesis y Disertaciones academicas.
700 1# - ADDED ENTRY--PERSONAL NAME
Personal name Zuluaga Ciro, Yony Alexander.
856 ## - ELECTRONIC LOCATION AND ACCESS
Uniform Resource Identifier <a href="https://unicurn.sharepoint.com/:b:/s/biblioteca/EW_lPkWHIGlEh7rRtG4CIDoBvhJIfA9iEc814296Rcc1oA?e=9yF6hS">https://unicurn.sharepoint.com/:b:/s/biblioteca/EW_lPkWHIGlEh7rRtG4CIDoBvhJIfA9iEc814296Rcc1oA?e=9yF6hS</a>
Public note Click aqui para ver el recurso en texto completo
942 ## - ADDED ENTRY ELEMENTS (KOHA)
Classification part ODO 2016
Item part S235
Source of classification or shelving scheme Dewey Decimal Classification
Koha item type Trabajos de grado
Existencias
Withdrawn status Lost status Source of classification or shelving scheme Damaged status Not for loan Collection Home library Current library Shelving location Date acquired Cost, normal purchase price Inventory number Total checkouts Full call number Barcode Date last seen Copy number Price effective from Koha item type
    Dewey Decimal Classification     Trabajos de grado Miguel Henríquez Emiliani Miguel Henríquez Emiliani Trabajo de grado 03/16/2018 35000.00 021419   ODO 2016 S235 021419 03/16/2018 1 03/16/2018 Libros